000 00402nmm a2200145Ia 4500
008 251105s9999||||xx |||||||||||||||||und||
041 _aspa
100 _aAckroyd, Peter
245 0 _aLondres :
_b Una biografia
264 _a[Madrid, España] :
_bEdhasa,
_c2012
300 _a1024 páginas
650 _aHistorical fiction
856 _uhttps://public.digitaliapublishing.com/a/30900
942 _cCF
999 _c104470
_d104470